| 000 | 00528cam a22001932 4500 | ||
|---|---|---|---|
| 001 | 0000003103 | ||
| 005 | 20151217155819.0 | ||
| 008 | 070427s xx 000 0 eng d | ||
| 040 |
_aKABU _cKABU |
||
| 050 | 0 |
_aHJ4789.5 _b.K46 1963 |
|
| 110 | 2 |
_aKenya. _bFiscal Commission. _@0000152742 |
|
| 245 | 1 | 0 | _aReport. |
| 260 |
_aNairobi : _bGovt. Printer, _c1963. |
||
| 300 | _a125 p. | ||
| 650 | 0 |
_aRevenue _zKenya. _@0000152743 |
|
| 908 | _a070427 | ||
| 950 | _@1 | ||
| 999 |
_c12778 _d12778 |
||